[Event "Alicante-ch (Women) and Seniors"]
[Site "Altea"]
[Date "2016.04.03"]
[Round "3"]
[White "Grigoriev, Ivan"]
[Black "Garcia Trobat, Francisco"]
[Result "0-1"]
[WhiteElo "2143"]
[BlackElo "2232"]
[PlyCount "106"]
[EventDate "2016.04.02"]
[EventType "swiss"]
[EventRounds "7"]
[EventCountry "ESP"]
[SourceTitle "EXT 2024"]
[Source "ChessBase"]
[SourceDate "2023.10.10"]
[SourceVersion "1"]
[SourceVersionDate "2023.10.10"]
[SourceQuality "1"]

1. c4 c5 2. Nc3 Nc6 3. Nf3 g6 4. g3 Bg7 5. Bg2 d6 6. 0-0 h5 7. Rb1 Nh6 8. a3 a5 9. Nb5 Nf5 10. e4 Nfd4 11. Nfxd4 Nxd4 12. Nxd4 Bxd4 13. b4 axb4 14. axb4 h4 15. Bb2 hxg3 16. hxg3 e5 17. Bxd4 cxd4 18. f4 Be6 19. d3 exf4 20. Rxf4 Qg5 21. Qf3 Ra3 22. c5 dxc5 23. bxc5 Qxc5 24. Rxb7 Ra1+ 25. Bf1 0-0 26. Rb2 Re1 27. Re2 Rxe2 28. Qxe2 Ra8 29. Rf2 Ra1 30. Qf3 Qc1 31. Qf6 Qc7 32. Kh2 Ra5 33. Qxd4 Rh5+ 34. Kg2 Bh3+ 35. Kf3 Rg5 36. Bxh3 Rxg3+ 37. Ke2 Rxh3 38. Qc4 Qxc4 39. dxc4 Rc3 40. Rf6 Rxc4 41. Kf3 Rc1 42. Ra6 Re1 43. Kf4 Kg7 44. Rb6 Rf1+ 45. Ke5 g5 46. Ra6 g4 47. Kd4 Rf6 48. Ra5 Rg6 49. Ke3 Kh6 50. Kf4 g3 51. Ra1 g2 52. Rg1 Kh5 53. Kf3 Kh4 0-1

[Event "ESP-ch Seniors 11th"]
[Site "Alicante"]
[Date "2013.10.??"]
[Round "3.3"]
[White "Pablo Marin, Alejandro"]
[Black "Grigoriev, Ivan"]
[Result "1-0"]
[WhiteElo "2373"]
[BlackElo "2169"]
[PlyCount "83"]
[EventDate "2013.10.05"]
[EventType "swiss"]
[EventRounds "9"]
[EventCountry "ESP"]
[SourceTitle "EXT 2024"]
[Source "ChessBase"]
[SourceDate "2023.10.10"]
[SourceVersion "1"]
[SourceVersionDate "2023.10.10"]
[SourceQuality "1"]

1. Nf3 c5 2. e4 Nc6 3. d4 cxd4 4. Nxd4 g6 5. Nc3 Bg7 6. Be3 Nf6 7. Bc4 0-0 8. 0-0 d6 9. h3 a6 10. Bb3 Na5 11. f4 Nxb3 12. axb3 d5 13. e5 Ne4 14. Nde2 Nxc3 15. Nxc3 Be6 16. Rf2 f6 17. exf6 Bxf6 18. Bd4 Qd6 19. Bxf6 Rxf6 20. Qd4 Raf8 21. Raf1 Rd8 22. Re1 Bf7 23. Re5 Re6 24. Rfe2 Rxe5 25. Rxe5 Rd7 26. Nd1 b6 27. b4 Qc6 28. Ne3 Qb5 29. f5 Qc6 30. fxg6 hxg6 31. c3 a5 32. bxa5 bxa5 33. Ng4 Qc4 34. Qf2 Kg7 35. Rg5 Rc7 36. Qh4 Qe4 37. Qh6+ Kg8 38. Re5 Qb1+ 39. Kh2 Qf1 40. Re3 Qf5 41. Rf3 Qe6 42. Qf4 1-0

[Event "Mondariz op 10th"]
[Site "Mondariz"]
[Date "2012.08.31"]
[Round "7"]
[White "Gomez Dieguez, Adrian"]
[Black "Grigoriev, Ivan"]
[Result "1/2-1/2"]
[WhiteElo "1785"]
[BlackElo "2129"]
[PlyCount "202"]
[EventDate "2012.08.25"]
[EventType "swiss"]
[EventRounds "8"]
[EventCountry "ESP"]
[SourceTitle "EXT 2014"]
[Source "ChessBase"]
[SourceDate "2013.11.20"]
[SourceVersion "1"]
[SourceVersionDate "2013.11.20"]
[SourceQuality "1"]

1. e4 c5 2. Nf3 Nc6 3. Nc3 g6 4. d4 cxd4 5. Nxd4 Bg7 6. Nde2 d6 7. g3 Bg4 8. Bg2 Bxc3+ 9. bxc3 Ne5 10. f4 Nc6 11. Rb1 Qc7 12. 0-0 Nf6 13. h3 Bxe2 14. Qxe2 0-0 15. g4 Rac8 16. Be3 b6 17. g5 Nh5 18. Rfd1 Na5 19. Rd3 Nc4 20. Bc1 Ng7 21. h4 a6 22. Bh3 Rcd8 23. a4 Qc6 24. Rd4 b5 25. axb5 axb5 26. Rd5 Rb8 27. Qf3 e6 28. Rd3 Ra8 29. Bg2 Ra2 30. Qf2 Rfa8 31. Rd1 Ra1 32. Be3 Rxb1 33. Rxb1 Ra2 34. Bc1 Ne8 35. f5 Nc7 36. h5 Qb6 37. Qxb6 Nxb6 38. f6 Kf8 39. Bf1 Rxc2 40. Ba3 Nc8 41. Bxb5 Nxb5 42. Rxb5 Rxc3 43. Rb8 Ke8 44. hxg6 hxg6 45. Bxd6 Kd7 46. Bf4 Nd6 47. Rf8 Rc7 48. e5 Rc8 49. Rxc8 Nxc8 50. Kf2 Nb6 51. Kf3 Kc6 52. Ke4 Kb5 53. Be3 Nd5 54. Bd4 Kc4 55. Bb2 Nc3+ 56. Kf3 Kd3 57. Ba1 Ne4 58. Kf4 Nc3 59. Kf3 Ne2 60. Bb2 Nd4+ 61. Kf4 Nc2 62. Kf3 Nb4 63. Ba1 Nc6 64. Bb2 Na5 65. Ba1 Nb3 66. Bb2 Kc2 67. Ba3 Kc3 68. Ke3 Nd2 69. Bd6 Nc4+ 70. Ke4 Kb3 71. Bc5 Nd2+ 72. Ke3 Kc4 73. Ba3 Nb1 74. Bb2 Nc3 75. Ba1 Na4 76. Ke4 Nc5+ 77. Kf4 Kd5 78. Ke3 Na6 79. Bc3 Nb8 80. Bb2 Nc6 81. Kf4 Nd4 82. Ke3 Nc2+ 83. Kd2 Nb4 84. Ke3 Na6 85. Kf4 Nc5 86. Ke3 Kc4 87. Ba1 Nd3 88. Ke4 Nf2+ 89. Kf3 Nd1 90. Ke2 Nc3+ 91. Ke3 Na4 92. Ke4 Nc5+ 93. Ke3 Kd5 94. Bb2 Na4 95. Ba1 Nb6 96. Bc3 Nd7 97. Kf4 Kc4 98. Ba1 Kd3 99. Kf3 Nb8 100. Bb2 Nc6 101. Ba1 Nd4+ 1/2-1/2

[Event "Mondariz op 10th"]
[Site "Mondariz"]
[Date "2012.08.26"]
[Round "2"]
[White "Grigoriev, Ivan"]
[Black "Silva, Luis Neves Da"]
[Result "1-0"]
[WhiteElo "2129"]
[BlackElo "2115"]
[PlyCount "93"]
[EventDate "2012.08.25"]
[EventType "swiss"]
[EventRounds "8"]
[EventCountry "ESP"]
[SourceTitle "EXT 2014"]
[Source "ChessBase"]
[SourceDate "2013.11.20"]
[SourceVersion "1"]
[SourceVersionDate "2013.11.20"]
[SourceQuality "1"]

1. g3 g6 2. Bg2 Bg7 3. f4 d5 4. Nf3 Nf6 5. 0-0 0-0 6. d3 b6 7. e4 dxe4 8. dxe4 Bb7 9. e5 Qxd1 10. Rxd1 Nd5 11. c4 Nb4 12. a3 N4a6 13. b4 c5 14. b5 Nc7 15. Bb2 a6 16. a4 axb5 17. axb5 Rxa1 18. Bxa1 Ne6 19. Nc3 Rd8 20. Rxd8+ Nxd8 21. Nd5 Bxd5 22. cxd5 Kf8 23. Nd2 f6 24. e6 Nb7 25. Nc4 Nd6 26. Nxb6 Ke8 27. Bf1 Kd8 28. Bc3 Kc7 29. Na4 c4 30. Ba5+ Kc8 31. Nb6+ Kb7 32. Nxc4 Nxb5 33. Bd8 Bf8 34. Na5+ Kc8 35. Bxe7 Bxe7 36. Bxb5 Bc5+ 37. Kg2 Be7 38. Nc4 Bb4 39. Kf3 Bc5 40. g4 Bb4 41. h4 Bc5 42. h5 Be7 43. Ke4 Bc5 44. hxg6 hxg6 45. Be8 g5 46. fxg5 fxg5 47. Bb5 1-0

[Event "Almansa op 7th"]
[Site "Almansa"]
[Date "2012.08.08"]
[Round "2"]
[White "Grigoriev, Ivan"]
[Black "Pena Riasco, Alexander"]
[Result "0-1"]
[WhiteElo "2129"]
[BlackElo "2237"]
[PlyCount "59"]
[EventDate "2012.08.07"]
[EventType "swiss"]
[EventRounds "9"]
[EventCountry "ESP"]
[SourceTitle "CBM 149 Extra"]
[Source "ChessBase"]
[SourceDate "2012.08.24"]
[SourceVersion "1"]
[SourceVersionDate "2012.08.24"]
[SourceQuality "1"]

1. g3 d5 2. c4 dxc4 3. Bg2 c6 4. Na3 g6 5. Nxc4 Bg7 6. Nf3 Nf6 7. 0-0 0-0 8. Qc2 Nbd7 9. d4 Nb6 10. Ncd2 Qd5 11. Re1 Qh5 12. Nb3 Bf5 13. e4 Bh3 14. Qc5 Qxc5 15. Nxc5 Bc8 16. b3 Nfd7 17. Nd3 c5 18. Ba3 cxd4 19. Bxe7 Re8 20. Bd6 Nf8 21. e5 Ne6 22. Nc5 Nxc5 23. Bxc5 d3 24. Rad1 Bf5 25. Nd4 Bg4 26. f3 d2 27. Rxd2 Bxe5 28. Rxe5 Rxe5 29. Bxb6 axb6 30. fxg4 0-1

[Event "Almansa op 7th"]
[Site "Almansa"]
[Date "2012.08.07"]
[Round "1"]
[White "Jimenez Martinez, Jose Vicente"]
[Black "Grigoriev, Ivan"]
[Result "1/2-1/2"]
[WhiteElo "2285"]
[BlackElo "2129"]
[PlyCount "94"]
[EventDate "2012.08.07"]
[EventType "swiss"]
[EventRounds "9"]
[EventCountry "ESP"]
[SourceTitle "CBM 149 Extra"]
[Source "ChessBase"]
[SourceDate "2012.08.24"]
[SourceVersion "1"]
[SourceVersionDate "2012.08.24"]
[SourceQuality "1"]

1. d4 Nf6 2. c4 c5 3. d5 e6 4. Nc3 exd5 5. cxd5 d6 6. e4 g6 7. f4 Qe7 8. Nf3 Bg4 9. Bb5+ Nfd7 10. a4 Bg7 11. 0-0 0-0 12. h3 Bxf3 13. Qxf3 Na6 14. e5 Nb4 15. Ne4 Nc2 16. exd6 Qd8 17. Rb1 Nd4 18. Qa3 Nxb5 19. axb5 Re8 20. Qd3 Nf6 21. Nxf6+ Qxf6 22. f5 Qxd6 23. Qf3 Bd4+ 24. Kh1 gxf5 25. Qxf5 Qg6 26. Bd2 Re2 27. Qxg6+ hxg6 28. Bf4 Rd8 29. d6 Be5 30. Bxe5 Rxe5 31. Rfd1 Re6 32. d7 Re7 33. Ra1 Rexd7 34. Rxd7 Rxd7 35. Rxa7 Rd2 36. Rxb7 Rxb2 37. Kh2 c4 38. Rc7 Rxb5 39. Rxc4 Rb3 40. Rc5 f5 41. Rc7 Rd3 42. h4 Kf8 43. h5 Rd1 44. Rc6 gxh5 45. Rh6 Kg7 46. Rxh5 Kg6 47. Rh8 Kg5 1/2-1/2

[Event "Benidorm op U2300 08th"]
[Site "Benidorm"]
[Date "2009.11.29"]
[Round "2"]
[White "Grigoriev, Ivan"]
[Black "Aranda Gonzalez, Jose"]
[Result "0-1"]
[WhiteElo "2191"]
[BlackElo "2276"]
[PlyCount "51"]
[EventDate "2009.11.28"]
[EventType "swiss"]
[EventRounds "10"]
[EventCountry "ESP"]
[SourceTitle "CBM 133 Extra"]
[Source "ChessBase"]
[SourceDate "2010.01.05"]
[SourceVersion "1"]
[SourceVersionDate "2010.01.05"]
[SourceQuality "1"]

1. g3 d5 2. Nf3 g6 3. c4 c6 4. Bg2 Bg7 5. 0-0 Nf6 6. d3 0-0 7. Nbd2 Re8 8. Rb1 e5 9. b4 e4 10. dxe4 dxe4 11. Ng5 Bf5 12. Ndxe4 Nbd7 13. f3 h6 14. Nxf6+ Nxf6 15. e4 Bd7 16. Nh3 Be6 17. Qb3 b5 18. Rd1 Qc8 19. Nf4 Bxc4 20. Qc2 c5 21. Be3 cxb4 22. Rxb4 g5 23. Nd3 Nd5 24. exd5 Rxe3 25. Nf2 Qc5 26. Nd3 0-1